000 00534nam a22001817a 4500
003 UA-OsUOA
001 14602
007 ta
008 20031012b un ||||| |||| 00| 0 ukr d
100 _aТубіна С.
942 _cSA
040 _aUA-OsUOA
_cUA-OsUOA
_dUA-OsUOA
245 _aА ліс ростиме...: [Про ДЛГО "Рівнеліс"]
300 _aС.1
955 _a0
773 0 _w0
_tВісті Рівненщини
_dРівне
_d2003
_g№77/19 верес./
650 7 _aКраєзнавча робота
_2UDC
999 _c300766
_d300766